Alexandrie dans la Première guerre mondiale /

محفوظ في:

مؤلف مشترك: Centre d'études alexandrines.

مؤلفون آخرون: Empereur, J.-Y. (المحرر)

التنسيق: كتاب

اللغة: French

منشور في: Alexandrie : Centre d'études alexandrines, 2018.

سلاسل: Alexandrie moderne ; 1.

الموضوعات:

الوسوم: إضافة وسم

لا توجد وسوم, كن أول من يضع وسما على هذه التسجيلة!

رقم الطلب: DT73 .A4 A44 v.1

LEADER 01054nam a22002657a 4500
003 OSt
005 20260105085528.0
008 260105t2018 ua abecf b 000 0 fre d
020 |a 9782490128037 
050 1 4 |a DT73 .A4  |b A44 v.1 
245 0 0 |a Alexandrie dans la Première guerre mondiale /   |c édité par Jean-Yves Empereur ; directeur de la collection Marie-Dominique Nenna. 
264 1 |a Alexandrie :   |b Centre d'études alexandrines,   |c 2018. 
264 4 |c © 2018. 
300 |a 433 pages :  |b color illustrations, color maps, color plans, color facsimiles ;  |c 25 cm. 
490 0 |a Alexandrie moderne ;   |v 1. 
504 |a Includes bibliographical references (pages 422-431). 
650 0 |a World War, 1914-1918  |x Campaigns  |z Egypt  |z Alexandria. 
651 0 |a Alexandria (Egypt)  |x History  |y 19th century. 
651 0 |a Alexandria (Egypt)  |x Civilization. 
651 0 |a Alexandria (Egypt)  |x History  |v Sources. 
700 1 |a Empereur, J.-Y.  |q (Jean-Yves),  |e editor 
710 2 |a Centre d'études alexandrines. 
901 |a reviewed 
942 |2 lcc  |c BK 
999 |c 51541  |d 51541